Κατάλογος Βιβλιοθηκών Mediterranean College

Τουριστική Γεωγραφία της Ελλάδας / Ανάλυση του Τουριστικού Φαινομένου, Τουριστική Επιστήμη, Ο Ελλαδικός Χώρος και οι Τουριστικές του Δυνατότητες, Τουριστική Διαίρεση της Ελλάδας, Τουριστική Δυνατότητα του Ελλαδικού Χώρου, Τουριστικά Διαμερίματα και Περιφέρειες. (Record no. 2022)

MARC details
000 -LEADER
fixed length control field 03007cam a22001934a 4500
005 - ΗΜΕΡΟΜΗΝΙΑ ΚΑΙ ΩΡΑ ΤΕΛΕΥΤΑΙΑΣ ΕΝΗΜΕΡΩΣΗΣ
Πεδίο ελέγχου 20250605164028.0
008 - FIXED-LENGTH DATA ELEMENTS--GENERAL INFORMATION
Πεδίο ελέγχου σταθερού μήκους 250528s ||||||||||||||||||||||||d
035 ## - SYSTEM CONTROL NUMBER
System control number 16529
040 ## - ΠΗΓΗ ΚΑΤΑΛΟΓΟΓΡΑΦΗΣΗΣ
Φορέας πρωτότυπης καταλογογράφησης MC Athens Campus Library
Γλώσσα καταλογογράφησης Ελληνικά, Μοντέρνα (1453-)
Modifying agency MC Athens Campus Library
Κανόνες περιγραφικής καταλογογράφησης AACR2
245 1# - ΤΙΤΛΟΣ ΚΑΙ ΔΗΛΩΣΗ ΥΠΕΥΘΥΝΟΤΗΤΑΣ
Τίτλος Τουριστική Γεωγραφία της Ελλάδας / Ανάλυση του Τουριστικού Φαινομένου, Τουριστική Επιστήμη, Ο Ελλαδικός Χώρος και οι Τουριστικές του Δυνατότητες, Τουριστική Διαίρεση της Ελλάδας, Τουριστική Δυνατότητα του Ελλαδικού Χώρου, Τουριστικά Διαμερίματα και Περιφέρειες.
260 ## - PUBLICATION, DISTRIBUTION, ETC.
Name of publisher, distributor, etc. Θεόδωρου Π. Τυροβολά,
Date of publication, distribution, etc. 1977
300 ## - PHYSICAL DESCRIPTION
Extent 160
505 0# - FORMATTED CONTENTS NOTE
Formatted contents note Πρόλογος, Εισαγωγή, Το Φαινόμενο του Τουρισμού, Η Τουριστική Ανάπτυξη, Τουριστική Γεωγραφία της Ελλάδας, Ο Ελλαδικός Χώρος και οι Τουριστικές του Δυνατότητες, Τουριστική Διαίρεση της Ελλάδας και Κατανομή της Τουριστικής Δυναμικότητας του Ελλαδικού Γεωγραφικού Χώρου, Τουριστική Διαίρεση της Ελλάδας, Η Τουριστική Δυναμικότητα του Ελλαδικού Χώρου, Τουριστικό Διαμέρισμα Βορείου Ελλάδος, Τουριστικό Διαμέρισμα Δυτικής και Νοτιοδυτικής Ελλάδας, Τουριστικό Διαμέρισμα Νότιας Ηπειρωτικής Ελλάδας, Τουριστικό Διαμέρισμα Αιγαίου, Τουριστικό Διαμέρισμα Κρήτης.
520 ## - SUMMARY, ETC.
Summary, etc. Πρόλογος, Εισαγωγή, Το Φαινόμενο του Τουρισμού, Η Τουριστική Ανάπτυξη, Τουριστική Γεωγραφία της Ελλάδας, Ο Ελλαδικός Χώρος και οι Τουριστικές του Δυνατότητες, Τουριστική Διαίρεση της Ελλάδας και Κατανομή της Τουριστικής Δυναμικότητας του Ελλαδικού Γεωγραφικού Χώρου, Τουριστική Διαίρεση της Ελλάδας, Η Τουριστική Δυναμικότητα του Ελλαδικού Χώρου, Τουριστικό Διαμέρισμα Βορείου Ελλάδος, Τουριστικό Διαμέρισμα Δυτικής και Νοτιοδυτικής Ελλάδας, Τουριστικό Διαμέρισμα Νότιας Ηπειρωτικής Ελλάδας, Τουριστικό Διαμέρισμα Αιγαίου, Τουριστικό Διαμέρισμα Κρήτης.
700 1# - ΠΡΟΣΘΕΤΗ ΑΝΑΓΡΑΦΗ--ΦΥΣΙΚΟ ΠΡΟΣΩΠΟ
Personal name Πετρόπουλος Αλεξάνδρος Ι
9 (RLIN) 2627
942 ## - ADDED ENTRY ELEMENTS (KOHA)
Koha item type Books
Holdings
Τύπος τεκμηρίου Βιβλιοθήκη Τρέχουσα τοποθεσία Barcode Αριθμός εισαγωγής Ημερομηνία απόκτησης Ταξιθετικό σύμβολο Αριθμός αντιτύπου Κατάσταση απόσυρσης Κατάσταση χαμένου Κατάσταση κατεστραμμένου Μη δανεισμός Σύνολο δανεισμών Ημερομηνία τελευταίας εμφάνισης Η τιμή ισχύει από
Books MC Athens Campus Library MC Athens Campus Library 9780000020215 4233 05/06/2025 914.15 PET 1           05/06/2025 05/06/2025

MC Athens Campus Library
Πατησίων 94 & Κοδριγκτώνος 13, 104 34
Πελλήνης 8 & Πατησίων 107, 112 51
Τ: +30 210 8899600

MC Thessaloniki Campus Library
Ίωνος Δραγούμη 21, 54625 | Ίωνος Δραγούμη 15, 54625
Τ: +30 2310 287779 – Τ: +30 2314 440300